[Event "DEM U10 2025"]
[Site "Willingen GER"]
[Date "2025.06.08"]
[Round "2"]
[White "Khadem Aljamea, Adam"]
[Black "Alloussi, Arian"]
[Result "0-1"]
[Termination "normal"]
[Board "3"]
[WhiteElo "1472"]
[BlackElo "1851"]
[WhiteClock "01:39:16"]
[BlackClock "00:50:03"]
[PlyCount "106"]
[WhiteFideId "533012989"]
[BlackFideId "34637788"]
[EventCountry "GER"]
[EventRounds "9"]
[EventType "swiss"]
[EventDate "2025.06.07"]

1. e4 {[%clk 01:30:59]} e5 {[%clk 01:30:51]} {[%emt 00:00:09]} 2. Nf3 {[%clk
01:31:25]} {[%emt 00:00:04]} Nc6 {[%clk 01:31:13]} {[%emt 00:00:08]} 3. d4
{[%clk 01:31:49]} {[%emt 00:00:06]} exd4 {[%clk 01:31:22]} {[%emt 00:00:21]} 4.
Nxd4 {[%clk 01:32:11]} {[%emt 00:00:08]} Bc5 {[%clk 01:31:40]} {[%emt
00:00:11]} 5. Be3 {[%clk 01:32:30]} {[%emt 00:00:13]} Qf6 {[%clk 01:31:43]}
{[%emt 00:00:26]} 6. Nb5 {[%clk 01:32:47]} {[%emt 00:00:14]} Bxe3 {[%clk
01:31:01]} {[%emt 00:01:12]} 7. fxe3 {[%clk 01:33:08]} {[%emt 00:00:09]} Qh4+
{[%clk 01:20:54]} {[%emt 00:10:36]} 8. g3 {[%clk 01:33:30]} {[%emt 00:00:08]}
Qd8 {[%clk 01:18:40]} {[%emt 00:02:44]} 9. N1c3 {[%clk 01:33:43]} {[%emt
00:00:17]} a6 {[%clk 01:18:30]} {[%emt 00:00:40]} 10. Nd4 {[%clk 01:34:05]}
{[%emt 00:00:09]} d6 {[%clk 01:18:00]} {[%emt 00:00:59]} 11. Bg2 {[%emt
00:01:25]} Ne5 {[%clk 01:17:22]} 12. O-O {[%clk 01:34:32]} {[%emt 00:00:16]}
Nf6 {[%clk 01:16:50]} {[%emt 00:01:01]} 13. Nd5 {[%clk 01:34:41]} {[%emt
00:00:22]} Nxd5 {[%emt 00:03:55]} 14. exd5 Bg4 15. Qd2 Qe7 16. b3 O-O-O {[%clk
01:13:25]} 17. c4 {[%clk 01:34:13]} Qd7 {[%emt 00:13:29]} 18. Rae1 h5 {[%clk
01:04:42]} 19. h4 {[%clk 01:33:44]} Qe7 {[%clk 01:00:49]} {[%emt 00:05:50]} 20.
Nf3 {[%clk 01:34:13]} {[%emt 00:00:16]} Bxf3 {[%clk 00:59:54]} {[%emt
00:01:24]} 21. Bxf3 {[%clk 01:34:16]} {[%emt 00:00:27]} g5 {[%clk 00:58:46]}
{[%emt 00:01:38]} 22. hxg5 {[%clk 01:34:09]} {[%emt 00:00:36]} Qxg5 {[%clk
00:57:23]} {[%emt 00:01:54]} 23. Qg2 {[%clk 01:34:12]} {[%emt 00:00:27]} h4
{[%clk 00:53:02]} {[%emt 00:04:52]} 24. Qh3+ {[%clk 01:34:24]} {[%emt
00:00:18]} Kb8 {[%clk 00:52:42]} {[%emt 00:00:50]} 25. g4 {[%clk 01:34:12]}
{[%emt 00:00:42]} f5 {[%clk 00:52:07]} {[%emt 00:01:04]} 26. Be2 {[%clk
01:33:50]} {[%emt 00:00:51]} fxg4 {[%clk 00:51:15]} {[%emt 00:01:23]} 27. Qg2
{[%clk 01:33:55]} {[%emt 00:00:25]} Qxe3+ {[%clk 00:51:01]} {[%emt 00:00:44]}
28. Qf2 {[%clk 01:34:17]} {[%emt 00:00:08]} Qxf2+ {[%clk 00:50:54]} {[%emt
00:00:36]} 29. Kxf2 {[%clk 01:34:39]} {[%emt 00:00:07]} Rdg8 {[%clk 00:47:10]}
{[%emt 00:04:16]} 30. Kg2 {[%clk 01:34:47]} {[%emt 00:00:23]} g3 {[%clk
00:46:52]} {[%emt 00:00:48]} 31. Rh1 {[%clk 01:35:06]} {[%emt 00:00:10]} Rf8
{[%clk 00:46:07]} {[%emt 00:01:15]} 32. Ref1 {[%clk 01:35:27]} {[%emt
00:00:10]} Ng6 {[%clk 00:44:50]} {[%emt 00:01:46]} 33. Rxf8+ {[%emt 00:01:33]}
Rxf8 {[%clk 00:44:03]} {[%emt 00:01:08]} 34. Rf1 {[%clk 01:34:46]} {[%emt
00:00:17]} Nf4+ {[%clk 00:43:40]} {[%emt 00:00:52]} 35. Kf3 {[%clk 01:34:59]}
{[%emt 00:00:19]} Nxe2+ {[%clk 00:44:00]} {[%emt 00:00:09]} 36. Kxe2 {[%clk
01:35:17]} {[%emt 00:00:11]} Rxf1 {[%clk 00:44:24]} {[%emt 00:00:07]} 37. Kxf1
{[%clk 01:35:39]} {[%emt 00:00:08]} Kc8 {[%clk 00:44:40]} {[%emt 00:00:14]} 38.
Ke2 {[%clk 01:35:51]} {[%emt 00:00:17]} Kd7 {[%clk 00:45:03]} {[%emt 00:00:09]}
39. Kf3 {[%clk 01:36:07]} {[%emt 00:00:13]} Ke7 {[%emt 00:00:09]} 40. a3 {[%clk
01:36:14]} {[%emt 00:00:23]} Kf6 {[%clk 00:45:42]} {[%emt 00:00:12]} 41. b4
{[%clk 01:36:26]} {[%emt 00:00:19]} Ke5 {[%clk 00:46:06]} {[%emt 00:00:05]} 42.
a4 {[%clk 01:36:35]} {[%emt 00:00:21]} Kd4 {[%clk 00:46:30]} 43. c5 {[%clk
01:36:56]} {[%emt 00:00:16]} dxc5 {[%clk 00:46:54]} 44. bxc5 Kxd5 {[%clk
00:47:18]} 45. c6 {[%clk 01:37:32]} {[%emt 00:00:15]} bxc6 {[%clk 00:47:34]}
{[%emt 00:00:13]} 46. a5 {[%clk 01:37:37]} {[%emt 00:00:25]} c5 {[%clk
00:47:56]} {[%emt 00:00:08]} 47. Kg2 {[%clk 01:36:48]} {[%emt 00:01:19]} c4
{[%clk 00:48:18]} {[%emt 00:00:08]} 48. Kh3 {[%clk 01:37:14]} {[%emt 00:00:04]}
c3 {[%clk 00:48:43]} {[%emt 00:00:06]} 49. Kxh4 {[%clk 01:37:39]} {[%emt
00:00:05]} g2 {[%clk 00:49:05]} {[%emt 00:00:08]} 50. Kh3 {[%clk 01:38:05]}
{[%emt 00:00:03]} g1=Q {[%clk 00:49:23]} {[%emt 00:00:12]} 51. Kh4 {[%clk
01:38:32]} {[%emt 00:00:03]} c2 {[%clk 00:49:42]} {[%emt 00:00:12]} 52. Kh5
{[%clk 01:38:53]} {[%emt 00:00:08]} c1=Q {[%clk 00:50:03]} {[%emt 00:00:09]}
53. Kh4 {[%clk 01:39:16]} {[%emt 00:00:07]} Qh6+ {[%emt 00:01:09]} 0-1

[Event "DEM U10 2025"]
[Site "Willingen GER"]
[Date "2025.06.08"]
[Round "2"]
[White "Vlad, Mark"]
[Black "Kutlar, Aras"]
[Result "0-1"]
[Termination "normal"]
[Board "4"]
[WhiteElo "1686"]
[BlackElo "1835"]
[WhiteClock "01:19:58"]
[BlackClock "01:29:48"]
[PlyCount "42"]
[WhiteFideId "34663258"]
[BlackFideId "51682117"]
[EventCountry "GER"]
[EventRounds "9"]
[EventType "swiss"]
[EventDate "2025.06.07"]

1. e4 {[%clk 01:30:55]} {[%emt 00:00:05]} c5 {[%clk 01:30:49]} {[%emt
00:00:12]} 2. Nf3 {[%clk 01:31:20]} {[%emt 00:00:05]} g6 {[%clk 01:31:10]}
{[%emt 00:00:09]} 3. d4 {[%clk 01:31:41]} {[%emt 00:00:10]} cxd4 {[%clk
01:31:35]} {[%emt 00:00:05]} 4. Nxd4 {[%clk 01:32:05]} {[%emt 00:00:05]} Nc6
{[%clk 01:31:56]} {[%emt 00:00:09]} 5. c4 {[%clk 01:32:21]} {[%emt 00:00:14]}
Nf6 {[%clk 01:32:17]} {[%emt 00:00:09]} 6. Nc3 {[%clk 01:32:24]} {[%emt
00:00:27]} Nxd4 {[%clk 01:32:39]} {[%emt 00:00:07]} 7. Qxd4 {[%clk 01:32:42]}
{[%emt 00:00:12]} d6 {[%clk 01:33:05]} {[%emt 00:00:05]} 8. Be3 {[%clk
01:32:25]} {[%emt 00:00:47]} Bg7 {[%clk 01:33:25]} {[%emt 00:00:10]} 9. Be2
{[%clk 01:31:20]} {[%emt 00:01:35]} O-O {[%clk 01:33:44]} {[%emt 00:00:11]} 10.
Qd2 {[%clk 01:31:01]} {[%emt 00:00:49]} Be6 {[%clk 01:34:02]} {[%emt 00:00:12]}
11. O-O {[%clk 01:30:48]} {[%emt 00:00:43]} Qa5 {[%clk 01:32:49]} {[%emt
00:01:44]} 12. f3 {[%clk 01:30:02]} {[%emt 00:01:16]} Rfc8 {[%clk 01:33:08]}
{[%emt 00:00:10]} 13. Nd5 {[%clk 01:26:38]} {[%emt 00:03:55]} Qxd2 {[%clk
01:33:01]} {[%emt 00:00:37]} 14. Bxd2 {[%clk 01:26:58]} {[%emt 00:00:11]} Bxd5
{[%clk 01:33:12]} {[%emt 00:00:19]} 15. cxd5 {[%clk 01:27:12]} {[%emt
00:00:16]} Rc2 {[%clk 01:33:19]} {[%emt 00:00:22]} 16. Rfd1 {[%clk 01:26:22]}
{[%emt 00:01:20]} Nd7 {[%clk 01:32:31]} {[%emt 00:01:17]} 17. Rac1 {[%clk
01:24:48]} {[%emt 00:02:06]} Rxb2 {[%clk 01:31:25]} {[%emt 00:01:36]} 18. Rc7
{[%clk 01:24:35]} {[%emt 00:00:43]} Nc5 {[%emt 00:01:30]} 19. Rxe7 {[%clk
01:23:44]} {[%emt 00:01:19]} Bf6 {[%clk 01:29:59]} {[%emt 00:00:58]} 20. Bc4
{[%clk 01:19:38]} {[%emt 00:04:36]} Bxe7 {[%clk 01:29:26]} {[%emt 00:01:03]}
21. Bc3 {[%clk 01:19:58]} {[%emt 00:00:11]} Rc2 {[%clk 01:29:48]} {[%emt
00:00:07]} 0-1

[Event "DEM U10 2025"]
[Site "Willingen GER"]
[Date "2025.06.08"]
[Round "2"]
[White "Leja, Luis"]
[Black "Wolf, Adam"]
[Result "0-1"]
[Termination "normal"]
[Board "7"]
[WhiteElo "1344"]
[BlackElo "1656"]
[WhiteClock "00:46:06"]
[BlackClock "01:01:49"]
[PlyCount "122"]
[WhiteFideId "34699813"]
[BlackFideId "34623426"]
[EventCountry "GER"]
[EventRounds "9"]
[EventType "swiss"]
[EventDate "2025.06.07"]

1. e4 {[%clk 01:30:58]} c6 {[%clk 01:30:56]} {[%emt 00:00:05]} 2. d4 {[%clk
01:31:13]} {[%emt 00:00:15]} d5 {[%clk 01:31:21]} {[%emt 00:00:05]} 3. exd5
{[%clk 01:31:12]} {[%emt 00:00:31]} cxd5 {[%clk 01:31:47]} {[%emt 00:00:05]} 4.
c4 {[%clk 01:30:56]} {[%emt 00:00:45]} Nf6 {[%clk 01:31:22]} {[%emt 00:00:55]}
5. Nf3 {[%clk 01:29:14]} {[%emt 00:02:12]} Bf5 {[%clk 01:30:51]} {[%emt
00:01:00]} 6. Nc3 {[%clk 01:27:53]} {[%emt 00:01:53]} e6 {[%clk 01:30:44]}
{[%emt 00:00:36]} 7. Bf4 {[%clk 01:27:56]} {[%emt 00:00:27]} Bd6 {[%clk
01:30:57]} {[%emt 00:00:17]} 8. Qa4+ {[%clk 01:26:36]} {[%emt 00:01:50]} Nc6
{[%clk 01:31:05]} {[%emt 00:00:23]} 9. Bxd6 {[%clk 01:19:10]} {[%emt 00:07:56]}
Qxd6 {[%clk 01:31:24]} {[%emt 00:00:11]} 10. Be2 {[%clk 01:18:34]} {[%emt
00:01:05]} O-O {[%clk 01:31:23]} {[%emt 00:00:30]} 11. O-O {[%clk 01:18:46]}
{[%emt 00:00:19]} Rac8 {[%clk 01:30:32]} {[%emt 00:01:21]} 12. c5 {[%clk
01:17:13]} {[%emt 00:02:03]} Qf4 {[%clk 01:28:27]} {[%emt 00:02:35]} 13. Qd1
{[%clk 01:11:55]} {[%emt 00:05:48]} a6 {[%clk 01:27:47]} {[%emt 00:01:10]} 14.
Qc1 {[%clk 01:12:07]} {[%emt 00:00:19]} Qc7 {[%clk 01:24:15]} {[%emt 00:04:01]}
15. Rd1 {[%clk 01:12:01]} {[%emt 00:00:37]} Rfe8 {[%clk 01:20:10]} {[%emt
00:04:35]} 16. h3 {[%clk 01:09:37]} {[%emt 00:02:53]} Rcd8 {[%clk 01:18:07]}
{[%emt 00:02:33]} 17. Nh4 {[%clk 01:08:30]} {[%emt 00:01:37]} Bg6 {[%clk
01:17:21]} {[%emt 00:01:16]} 18. Nxg6 {[%clk 01:04:46]} {[%emt 00:04:14]} hxg6
{[%emt 00:00:06]} 19. f4 {[%clk 01:04:48]} {[%emt 00:00:26]} b6 {[%clk
01:09:02]} {[%emt 00:09:15]} 20. cxb6 {[%clk 01:01:37]} {[%emt 00:03:42]} Qxb6
{[%clk 01:05:24]} {[%emt 00:04:08]} 21. Na4 {[%clk 01:00:33]} {[%emt 00:01:34]}
Nxd4 {[%clk 01:03:35]} {[%emt 00:02:19]} 22. Kf1 {[%clk 00:59:42]} {[%emt
00:01:21]} Nxe2 {[%clk 01:03:34]} {[%emt 00:00:31]} 23. Nxb6 {[%clk 00:58:09]}
{[%emt 00:02:03]} Nxc1 {[%clk 01:03:58]} {[%emt 00:00:06]} 24. Raxc1 {[%clk
00:58:05]} {[%emt 00:00:33]} Nd7 {[%clk 01:03:08]} {[%emt 00:01:20]} 25. Rc6
{[%clk 00:56:55]} {[%emt 00:01:41]} Nxb6 {[%clk 01:00:57]} {[%emt 00:02:41]}
26. Rxb6 {[%clk 00:57:15]} {[%emt 00:00:10]} Ra8 {[%clk 01:00:56]} {[%emt
00:00:29]} 27. Rd4 {[%clk 00:56:31]} {[%emt 00:01:16]} Reb8 {[%clk 01:00:47]}
{[%emt 00:00:37]} 28. Rxb8+ {[%clk 00:55:10]} {[%emt 00:01:53]} Rxb8 {[%clk
01:01:09]} {[%emt 00:00:08]} 29. b3 {[%clk 00:55:21]} {[%emt 00:00:19]} Kf8
{[%clk 01:01:08]} {[%emt 00:00:31]} 30. Ra4 {[%clk 00:55:27]} {[%emt 00:00:24]}
Rb6 {[%clk 01:01:23]} {[%emt 00:00:15]} 31. Ke2 {[%clk 00:55:26]} {[%emt
00:00:30]} Ke7 {[%clk 00:58:27]} {[%emt 00:03:26]} 32. h4 {[%clk 00:54:13]}
{[%emt 00:01:44]} f6 {[%clk 00:57:44]} {[%emt 00:01:13]} 33. Ra5 {[%clk
00:52:41]} {[%emt 00:02:02]} Kd6 {[%clk 00:57:40]} {[%emt 00:00:33]} 34. Ke3
{[%clk 00:51:08]} {[%emt 00:02:03]} e5 {[%clk 00:57:24]} {[%emt 00:00:47]} 35.
g3 {[%clk 00:46:07]} {[%emt 00:05:30]} e4 {[%clk 00:56:20]} {[%emt 00:01:34]}
36. Kd4 {[%clk 00:45:39]} {[%emt 00:00:58]} f5 {[%clk 00:56:34]} {[%emt
00:00:17]} 37. Rxd5+ {[%clk 00:45:49]} {[%emt 00:00:19]} Ke6 {[%clk 00:56:33]}
{[%emt 00:00:30]} 38. Ra5 {[%clk 00:45:11]} {[%emt 00:01:10]} Rd6+ {[%clk
00:56:11]} {[%emt 00:00:51]} 39. Kc4 {[%clk 00:44:41]} {[%emt 00:01:01]} Kd7
{[%clk 00:54:58]} {[%emt 00:01:43]} 40. Ra3 {[%clk 00:43:05]} {[%emt 00:02:06]}
e3 {[%clk 00:54:52]} {[%emt 00:00:36]} 41. b4 {[%clk 00:42:20]} {[%emt
00:01:15]} e2 {[%clk 00:55:10]} {[%emt 00:00:12]} 42. Re3 {[%clk 00:42:40]}
{[%emt 00:00:09]} Re6 {[%clk 00:55:35]} {[%emt 00:00:05]} 43. Rxe2 {[%clk
00:42:20]} {[%emt 00:00:50]} Rxe2 {[%clk 00:55:59]} {[%emt 00:00:06]} 44. a4
{[%clk 00:42:42]} {[%emt 00:00:07]} Kc6 {[%clk 00:56:17]} {[%emt 00:00:13]} 45.
Kd3 {[%clk 00:41:50]} {[%emt 00:01:22]} Rg2 {[%clk 00:56:34]} {[%emt 00:00:13]}
46. Kd4 {[%clk 00:42:07]} {[%emt 00:00:13]} Rxg3 {[%clk 00:56:49]} {[%emt
00:00:13]} 47. Ke5 {[%clk 00:42:24]} {[%emt 00:00:14]} Rg4 {[%clk 00:57:04]}
{[%emt 00:00:16]} 48. h5 {[%clk 00:42:20]} {[%emt 00:00:34]} gxh5 {[%clk
00:57:24]} {[%emt 00:00:09]} 49. Kxf5 {[%clk 00:42:46]} {[%emt 00:00:05]} g6+
{[%clk 00:57:48]} {[%emt 00:00:07]} 50. Kf6 {[%clk 00:42:59]} {[%emt 00:00:16]}
h4 {[%clk 00:58:10]} {[%emt 00:00:08]} 51. f5 {[%clk 00:43:18]} {[%emt
00:00:10]} gxf5 {[%clk 00:58:33]} {[%emt 00:00:08]} 52. Kxf5 {[%clk 00:43:43]}
{[%emt 00:00:05]} Rxb4 {[%clk 00:58:57]} {[%emt 00:00:06]} 53. a5 {[%clk
00:44:01]} {[%emt 00:00:12]} h3 {[%clk 00:59:19]} {[%emt 00:00:07]} 54. Ke5
{[%clk 00:44:21]} {[%emt 00:00:10]} h2 {[%clk 00:59:42]} {[%emt 00:00:07]} 55.
Kf5 {[%clk 00:44:42]} {[%emt 00:00:09]} h1=Q {[%clk 01:00:07]} {[%emt
00:00:05]} 56. Ke5 {[%clk 00:44:59]} {[%emt 00:00:13]} Qd5+ {[%clk 01:00:29]}
{[%emt 00:00:07]} 57. Kf6 {[%clk 00:45:15]} {[%emt 00:00:14]} Rf4 {[%clk
01:00:54]} {[%emt 00:00:05]} 58. Kg6 {[%clk 00:45:32]} {[%emt 00:00:13]} Qf5
{[%clk 01:01:18]} {[%emt 00:00:07]} 59. Kh6 {[%clk 00:45:37]} {[%emt 00:00:25]}
Qf6 {[%clk 01:01:29]} {[%emt 00:00:19]} 60. Kh7 {[%clk 00:45:50]} {[%emt
00:00:17]} Rh4+ {[%clk 01:01:49]} {[%emt 00:00:10]} 61. Kg8 {[%clk 00:46:06]}
{[%emt 00:00:14]} Rh8# {[%emt 00:00:06]} 0-1

[Event "DEM U10 2025"]
[Site "Willingen GER"]
[Date "2025.06.08"]
[Round "2"]
[White "Busch, Jonathan Luis"]
[Black "Gheng, Hannes Lucas"]
[Result "1-0"]
[Termination "normal"]
[Board "8"]
[WhiteElo "1723"]
[BlackElo "1483"]
[WhiteClock "00:54:25"]
[BlackClock "01:16:44"]
[PlyCount "51"]
[WhiteFideId "34664874"]
[BlackFideId "34606890"]
[EventCountry "GER"]
[EventRounds "9"]
[EventType "swiss"]
[EventDate "2025.06.07"]

1. e4 {[%clk 01:30:57]} {[%emt 00:00:02]} c5 {[%clk 01:30:56]} {[%emt
00:00:04]} 2. Nf3 {[%clk 01:31:21]} {[%emt 00:00:06]} Nc6 {[%clk 01:31:19]}
{[%emt 00:00:06]} 3. Nc3 {[%clk 01:31:46]} {[%emt 00:00:06]} g6 {[%clk
01:31:37]} {[%emt 00:00:11]} 4. d4 {[%clk 01:30:49]} {[%emt 00:01:28]} cxd4
{[%emt 00:01:14]} 5. Nxd4 {[%clk 01:27:40]} {[%emt 00:03:35]} Bg7 {[%clk
01:31:08]} {[%emt 00:00:17]} 6. Be3 {[%clk 01:27:33]} {[%emt 00:00:39]} Nf6
{[%clk 01:31:18]} {[%emt 00:00:20]} 7. Be2 {[%clk 01:27:01]} {[%emt 00:01:02]}
O-O {[%emt 00:00:46]} 8. O-O {[%clk 01:27:25]} {[%emt 00:00:03]} d5 {[%clk
01:29:47]} {[%emt 00:01:48]} 9. exd5 {[%clk 01:23:50]} {[%emt 00:04:05]} Nxd5
{[%clk 01:29:39]} {[%emt 00:00:38]} 10. Nxc6 {[%clk 01:22:04]} {[%emt
00:02:15]} bxc6 {[%clk 01:29:35]} {[%emt 00:00:35]} 11. Bd4 {[%clk 01:20:42]}
{[%emt 00:01:52]} e5 {[%clk 01:28:53]} {[%emt 00:01:12]} 12. Bc5 {[%clk
01:20:38]} {[%emt 00:00:35]} Nxc3 {[%clk 01:27:49]} {[%emt 00:01:32]} 13. bxc3
{[%clk 01:20:26]} {[%emt 00:00:43]} Re8 {[%clk 01:27:34]} {[%emt 00:00:46]} 14.
Bf3 {[%clk 01:19:37]} {[%emt 00:01:19]} Qxd1 {[%clk 01:26:48]} {[%emt
00:01:16]} 15. Raxd1 {[%clk 01:15:30]} {[%emt 00:04:37]} e4 {[%clk 01:22:11]}
{[%emt 00:05:07]} 16. Bxe4 {[%clk 01:14:22]} {[%emt 00:01:38]} Bg4 {[%clk
01:20:57]} {[%emt 00:01:44]} 17. Bxc6 {[%clk 01:09:26]} {[%emt 00:05:26]} Bxd1
{[%clk 01:21:07]} {[%emt 00:00:21]} 18. Bxa8 {[%clk 01:01:51]} {[%emt
00:08:05]} Rxa8 {[%clk 01:21:09]} {[%emt 00:00:28]} 19. Rxd1 {[%clk 01:02:13]}
{[%emt 00:00:07]} Bxc3 {[%clk 01:21:12]} {[%emt 00:00:26]} 20. g3 {[%clk
01:02:19]} {[%emt 00:00:25]} Rc8 {[%clk 01:16:38]} {[%emt 00:05:04]} 21. Bxa7
{[%clk 00:59:07]} {[%emt 00:03:41]} Bb4 {[%clk 01:16:58]} {[%emt 00:00:11]} 22.
Rb1 {[%clk 00:58:07]} {[%emt 00:01:30]} Bd6 {[%clk 01:16:49]} {[%emt 00:00:39]}
23. Rb2 {[%clk 00:56:03]} {[%emt 00:02:34]} Be5 {[%clk 01:16:45]} {[%emt
00:00:34]} 24. Rb5 {[%clk 00:55:41]} {[%emt 00:00:52]} Ra8 {[%emt 00:00:23]}
25. Be3 {[%clk 00:54:25]} {[%emt 00:01:45]} Bg7 {[%clk 01:16:44]} {[%emt
00:00:39]} 26. Bf4 {[%emt 00:07:23]} 1-0

[Event "DEM U10 2025"]
[Site "Willingen GER"]
[Date "2025.06.08"]
[Round "2"]
[White "Kindermann, Justus"]
[Black "Grimm, Jakob"]
[Result "0-1"]
[Termination "normal"]
[Board "9"]
[WhiteElo "1635"]
[BlackElo "1698"]
[WhiteClock "00:14:31"]
[BlackClock "00:54:19"]
[PlyCount "54"]
[WhiteFideId "34678840"]
[BlackFideId "34635645"]
[EventCountry "GER"]
[EventRounds "9"]
[EventType "swiss"]
[EventDate "2025.06.07"]

1. c4 {[%clk 01:30:59]} e6 {[%clk 01:30:48]} {[%emt 00:00:12]} 2. g3 {[%clk
01:31:25]} {[%emt 00:00:04]} Nf6 {[%clk 01:31:10]} {[%emt 00:00:09]} 3. Bg2
{[%clk 01:31:50]} {[%emt 00:00:04]} d5 {[%clk 01:31:33]} {[%emt 00:00:08]} 4.
Nf3 {[%clk 01:32:09]} {[%emt 00:00:09]} Be7 {[%clk 01:31:59]} {[%emt 00:00:05]}
5. O-O {[%clk 01:32:14]} {[%emt 00:00:25]} O-O {[%clk 01:32:18]} {[%emt
00:00:12]} 6. b3 {[%clk 01:29:36]} {[%emt 00:03:08]} c5 {[%clk 01:31:50]}
{[%emt 00:00:58]} 7. cxd5 {[%emt 00:00:19]} exd5 {[%clk 01:31:55]} {[%emt
00:00:16]} 8. d4 {[%clk 01:30:11]} {[%emt 00:00:15]} Nc6 {[%clk 01:32:07]} 9.
dxc5 {[%clk 01:29:55]} {[%emt 00:01:04]} Bxc5 {[%clk 01:32:20]} 10. Bb2 {[%clk
01:27:01]} {[%emt 00:03:40]} Be6 {[%clk 01:28:18]} 11. Qc2 {[%clk 01:23:10]}
{[%emt 00:08:52]} Bb6 {[%clk 01:26:41]} 12. Nbd2 {[%clk 01:19:16]} {[%emt
00:06:31]} Rc8 {[%clk 01:23:26]} 13. Qd3 {[%clk 01:18:30]} {[%emt 00:04:52]}
Nb4 {[%emt 00:10:18]} 14. Qb5 {[%clk 01:08:26]} {[%emt 00:05:42]} a5 {[%clk
01:15:14]} {[%emt 00:03:56]} 15. Bxf6 {[%clk 01:04:47]} {[%emt 00:04:08]} gxf6
{[%clk 01:14:39]} {[%emt 00:01:06]} 16. e4 {[%clk 01:00:43]} {[%emt 00:04:28]}
Rc5 {[%clk 01:08:24]} {[%emt 00:06:51]} 17. Qe2 {[%clk 01:01:02]} {[%emt
00:00:11]} d4 {[%clk 01:08:33]} {[%emt 00:00:22]} 18. e5 {[%clk 00:50:59]}
{[%emt 00:10:32]} f5 {[%clk 01:07:44]} {[%emt 00:01:20]} 19. Nh4 {[%clk
00:36:43]} {[%emt 00:14:44]} Rc2 {[%clk 01:02:36]} {[%emt 00:05:37]} 20. Bxb7
{[%clk 00:31:51]} {[%emt 00:05:24]} d3 {[%emt 00:08:27]} 21. Qd1 {[%clk
00:29:57]} {[%emt 00:00:34]} Nxa2 {[%clk 00:55:07]} {[%emt 00:01:52]} 22. Ba6
{[%clk 00:18:53]} {[%emt 00:11:26]} Nc3 {[%clk 00:54:44]} {[%emt 00:01:01]} 23.
Qe1 {[%clk 00:18:55]} {[%emt 00:00:26]} Ne2+ {[%clk 00:54:59]} {[%emt
00:00:17]} 24. Kh1 {[%clk 00:19:06]} {[%emt 00:00:14]} Qa8+ {[%clk 00:55:25]}
{[%emt 00:00:10]} 25. Nhf3 {[%clk 00:16:51]} {[%emt 00:02:44]} Qxa6 {[%emt
00:01:23]} 26. Ng5 {[%clk 00:14:56]} {[%emt 00:02:23]} Bd5+ {[%clk 00:54:14]}
{[%emt 00:00:51]} 27. Ngf3 {[%clk 00:14:31]} {[%emt 00:00:55]} Rxd2 {[%clk
00:54:19]} {[%emt 00:00:25]} 0-1

[Event "DEM U10 2025"]
[Site "Willingen GER"]
[Date "2025.06.08"]
[Round "2"]
[White "von Flottwell, Lionel"]
[Black "Vranckx, Gabriel"]
[Result "1-0"]
[Termination "normal"]
[Board "10"]
[WhiteElo "1645"]
[BlackElo "1627"]
[WhiteClock "00:34:56"]
[BlackClock "00:58:30"]
[PlyCount "51"]
[WhiteFideId "34632727"]
[BlackFideId "533031266"]
[EventCountry "GER"]
[EventRounds "9"]
[EventType "swiss"]
[EventDate "2025.06.07"]

1. e4 {[%clk 01:30:53]} {[%emt 00:00:07]} e5 {[%clk 01:30:49]} {[%emt
00:00:11]} 2. Nf3 {[%clk 01:31:14]} {[%emt 00:00:09]} Nc6 {[%clk 01:31:06]}
{[%emt 00:00:14]} 3. Nc3 {[%clk 01:31:27]} {[%emt 00:00:16]} Nf6 {[%clk
01:30:38]} {[%emt 00:00:58]} 4. d4 {[%clk 01:31:50]} {[%emt 00:00:07]} exd4
{[%clk 01:30:49]} {[%emt 00:00:19]} 5. Nxd4 {[%clk 01:32:14]} {[%emt 00:00:06]}
Bb4 {[%clk 01:27:43]} {[%emt 00:03:36]} 6. Nxc6 {[%clk 01:31:41]} {[%emt
00:01:03]} bxc6 {[%clk 01:27:49]} {[%emt 00:00:24]} 7. Bd3 {[%clk 01:32:02]}
{[%emt 00:00:10]} d5 {[%clk 01:28:03]} {[%emt 00:00:16]} 8. exd5 {[%clk
01:32:23]} {[%emt 00:00:09]} cxd5 {[%clk 01:28:14]} {[%emt 00:00:20]} 9. O-O
{[%clk 01:32:44]} {[%emt 00:00:09]} O-O {[%clk 01:28:05]} {[%emt 00:00:37]} 10.
Bg5 {[%clk 01:33:09]} {[%emt 00:00:06]} c6 {[%clk 01:28:22]} {[%emt 00:00:14]}
11. Qf3 {[%clk 01:33:31]} {[%emt 00:00:08]} Be7 {[%clk 01:28:22]} {[%emt
00:00:30]} 12. Rae1 {[%clk 01:33:53]} {[%emt 00:00:08]} Re8 {[%clk 01:28:32]}
{[%emt 00:00:19]} 13. h3 {[%clk 01:33:51]} {[%emt 00:00:32]} h6 {[%clk
01:28:50]} {[%emt 00:00:13]} 14. Bh4 {[%clk 01:32:34]} {[%emt 00:01:46]} Rb8
{[%clk 01:27:15]} {[%emt 00:02:06]} 15. b3 {[%clk 01:23:53]} {[%emt 00:09:11]}
Rb4 {[%clk 01:23:50]} {[%emt 00:03:55]} 16. Bg3 {[%clk 01:18:41]} {[%emt
00:05:41]} Be6 {[%clk 01:23:29]} {[%emt 00:00:52]} 17. Ne2 {[%clk 01:14:27]}
{[%emt 00:04:44]} c5 {[%clk 01:16:46]} {[%emt 00:07:14]} 18. Nf4 {[%clk
01:09:52]} {[%emt 00:05:04]} c4 {[%clk 01:14:26]} {[%emt 00:02:49]} 19. Nxe6
{[%clk 01:08:48]} {[%emt 00:01:34]} fxe6 {[%clk 01:14:35]} {[%emt 00:00:21]}
20. bxc4 {[%clk 00:54:11]} {[%emt 00:15:07]} dxc4 {[%clk 01:14:38]} {[%emt
00:00:27]} 21. Bg6 {[%clk 00:53:42]} {[%emt 00:00:59]} Rf8 {[%clk 01:13:25]}
{[%emt 00:01:43]} 22. Rxe6 {[%clk 00:53:14]} {[%emt 00:00:57]} Nd5 {[%clk
01:07:15]} {[%emt 00:06:39]} 23. Qe4 {[%clk 00:38:49]} {[%emt 00:14:55]} Nc3
{[%clk 01:03:32]} {[%emt 00:02:59]} 24. Qe3 {[%clk 00:37:57]} {[%emt 00:02:37]}
Nd5 {[%clk 00:59:18]} {[%emt 00:04:44]} 25. Qxa7 {[%clk 00:34:56]} {[%emt
00:03:30]} Nc7 {[%clk 00:58:30]} {[%emt 00:01:18]} 26. Qxc7 {[%emt 00:01:48]}
1-0